<?xml version="1.0" encoding="UTF-8"?>
<collection xmlns="http://www.loc.gov/MARC21/slim">
 <record>
  <leader>     na                 </leader>
  <controlfield tag="001">INLIS000000000000578</controlfield>
  <controlfield tag="005">20220404120746</controlfield>
  <datafield tag="035" ind1=" " ind2=" ">
   <subfield code="a">0010-0422000152</subfield>
  </datafield>
  <controlfield tag="007">ta</controlfield>
  <controlfield tag="008">220404                g          0 eng  </controlfield>
  <datafield tag="082" ind1=" " ind2=" ">
   <subfield code="a">R 413</subfield>
  </datafield>
  <datafield tag="084" ind1=" " ind2=" ">
   <subfield code="a">R 413 YUD k</subfield>
  </datafield>
  <datafield tag="100" ind1="0" ind2=" ">
   <subfield code="a">Yudhistira Ikranegara</subfield>
  </datafield>
  <datafield tag="245" ind1="1" ind2=" ">
   <subfield code="a">KAMUS IDEAL BERGAMBAR GRAMMAR AND CONVERSATION :</subfield>
   <subfield code="b">Inggris - Indonesia Dilengkapi Cara Membaca /</subfield>
   <subfield code="c">Yudhistira Ikranegara; editor, Tarkim, Irwan Kuncoro Herdyanto</subfield>
  </datafield>
  <datafield tag="250" ind1=" " ind2=" ">
   <subfield code="a">Cet.1</subfield>
  </datafield>
  <datafield tag="260" ind1=" " ind2=" ">
   <subfield code="a">s.l :</subfield>
   <subfield code="b">Dua Media,</subfield>
   <subfield code="c">s.a</subfield>
  </datafield>
  <datafield tag="300" ind1=" " ind2=" ">
   <subfield code="a">128 hlm. :</subfield>
   <subfield code="b">ilustrasi berwarna ;</subfield>
   <subfield code="c">16x24 cm.</subfield>
   <subfield code="e">-</subfield>
  </datafield>
  <datafield tag="650" ind1=" " ind2="4">
   <subfield code="a">Bahasa Inggris - Indonesia - Kamus</subfield>
  </datafield>
  <datafield tag="700" ind1="0" ind2=" ">
   <subfield code="a">editor, Tarkim, Irwan Kuncoro Herdyanto</subfield>
  </datafield>
  <datafield tag="520" ind1=" " ind2=" ">
   <subfield code="a">Kamus ini sangat cocok untuk pemula tebalnya 128 halaman berisi banyak kosa kata disertai gambar berwarna. Meliputi Tubuh Manusia, Pakaian, Peralatan, Bagian dari Rumah, Tanda-tanda Lalu Lintas, Makanan&amp;Minuman, Buah &amp; Sayuran, Binatan, Pekerjaan, Bangunan &amp; Tempat, Transportasi, Olahraga, Kata Sifat, dan Kata Kerja. Kamus ini diciptakan dengan harapan agar dapat merangsang minat belajar Bahasa Inggris dengan mudah.</subfield>
  </datafield>
  <datafield tag="856" ind1=" " ind2=" ">
   <subfield code="a">-</subfield>
  </datafield>
  <datafield tag="990" ind1=" " ind2=" ">
   <subfield code="a">R180014</subfield>
  </datafield>
 </record>
</collection>
